000 00299nam a22001337a 4500
008 170227b xxu||||| |||| 00| 0 eng d
020 _a9780071623483
041 _aeng
080 _24TH
_a577
100 _a5
101 _aSHMB
245 _aBIOCHEMISTRY AND GENETICS
_cWILSON, G.N
942 _2udc
_cBK
999 _c6342
_d6342